000
00271pam a2200133 a 4500
020
_c
041
_a
eng
082
_b
PAR
100
_a
Parker Stove .
245
_a
Seahore
_h
Textual Documents
260
_a
[s.l]:
_b
World book INC
300
_a
63 pg .
930
_a
6967
999
_c
83878
_d
83878